000 00497nam a2200193Ia 4500
003 GCL
008 140319s9999 xx 000 0 eng d
040 _aGCL /
_cGCL
082 0 4 _a362.292
_bF D
100 1 _aFIELD, RICHARD
245 1 0 _aDRUGS IN PERSPECTIVE /
_cFIELD, RICHARD
260 _a[S.N] :
_bW C B BROUN AND BENCHMSRK PUBBISHERS ،
_c1995
300 _a366 P
650 0 4 _aALCOHOLISM
650 0 4 _aDRUGS
650 0 4 _aPERSPECTIVE
650 0 4 _aDRINKING PROBLEM
942 _2ddc
_cBK
999 _c11427
_d11427